Normal view
MARC view
Entry Personal Name
001 - CONTROL NUMBER
- control field: 724714
003 - CONTROL NUMBER IDENTIFIER
- control field: OSt
005 - DATE AND TIME OF LATEST TRANSACTION
- control field: 20241004113932.0
008 - FIXED-LENGTH DATA ELEMENTS
- fixed length control field: 241004|| aca||aabn | a|a d
040 ## - CATALOGING SOURCE
- Original cataloging agency: OSt
- Transcribing agency: OSt
100 ## - HEADING--PERSONAL NAME
- Personal name: Keith A. Berriedale Au.; Kumar S. Vijay Ed
670 ## - SOURCE DATA FOUND
- Source citation: Work cat.: (OSt)1218868: Keith A. Berriedale Au.; Kumar S. Vijay Ed., Samkhya system, 2018
